[Event "Isle of Man op"]
[Site "Isle of Man"]
[Date "1994.??.??"]
[Round "6"]
[White "Ward, Christopher"]
[Black "Sadler, Matthew"]
[Result "0-1"]
[WhiteElo "2490"]
[BlackElo "2560"]

1.d4 d5 2.c4 dxc4 3.e4 Nc6 4.Nf3 Bg4 5.Bxc4 e6 6.Bb5 Ne7 7.Nbd2 a6 8.Be2 Ng6
9.h3 Bxf3 10.Nxf3 Nh4 11.d5 exd5 12.exd5 Nxf3+ 13.Bxf3 Ne5 14.O-O Bd6 15.Be2 O-O
16.Qb3 Qh4 17.Be3 f5 18.f4 Nd7 19.Rf3 b6 20.Kh1 Nf6 21.Bd3 Ne4 22.Bxe4 fxe4
23.Rff1 Qg3 24.Rae1 Rae8 25.Qc4 g5 26.Bg1 b5 27.Qc2 Qd3 28.Qxd3 exd3 29.Rd1 Rxf4
30.Rxf4 gxf4 31.Rxd3 Re1 32.Rc3 Rd1 33.Rc2 Be5 34.Kh2 f3+ 35.g3 Re1 36.Bf2 Rd1
37.h4 h5 38.b3 Rxd5 39.Rc6 Rd2 40.Kg1 Rd1+ 41.Kh2 Rd2 42.Kg1 Rxa2 43.Rg6+ Kf7
44.Rg5 Ke6 45.Rxh5 a5 46.Rh6+ Kd5 47.Ra6 a4 48.bxa4  0-1

[Event "Isle of Man op"]
[Site "Isle of Man"]
[Date "1994.??.??"]
[Round "7"]
[White "Lalic, Bogdan"]
[Black "Howell, James C"]
[Result "1-0"]
[WhiteElo "2530"]
[BlackElo "2505"]

1.d4 d5 2.c4 dxc4 3.e4 e5 4.Nf3 exd4 5.Bxc4 Bb4+ 6.Bd2 Bxd2+ 7.Nbxd2 Nc6
8.O-O Qf6 9.b4 a6 10.Re1 Nge7 11.e5 Qg6 12.Qb3 O-O 13.Ne4 Be6 14.Nc5 Bxc4
15.Qxc4 b5 16.Qb3 Rad8 17.e6 Rd6 18.exf7+ Kh8 19.Rad1 Nd5 20.Ne4 Rd7 21.Neg5 Nf4
22.g3 h6 23.gxf4 hxg5 24.Re6 Qxf7 25.Nxg5 Qf5 26.Rxc6  1-0

[Event "JUG-ch sf"]
[Site "Kladovo"]
[Date "1994.??.??"]
[Round "?"]
[White "Carnic, Srdjan"]
[Black "Djukic, Zeljko"]
[Result "1/2-1/2"]
[WhiteElo "2275"]
[BlackElo "2360"]

1.d4 d5 2.c4 dxc4 3.e4 Nc6 4.Be3 Nf6 5.Nc3 Ng4 6.e5 Nxe3 7.fxe3 e6 8.Nf3 Na5
9.Qa4+ c6 10.b4 cxb3 11.axb3 b5 12.Nxb5 Nxb3 13.Qxb3 cxb5 14.Bxb5+ Bd7 15.O-O Be7
16.d5 Bxb5 17.Qxb5+ Qd7 18.Qxd7+ Kxd7 19.d6 Bd8 20.Nd2 f5 21.Rfb1 Bb6 22.Nc4 Kc6
23.Rc1 Kd5 24.Nxb6+ axb6 25.Rab1 Kxe5 26.Rxb6 Ra7 27.Kf2 Rd8 28.Rc5+ Kf6
29.Kf3 Rad7 30.Rcc6 e5 31.g4 g6 32.gxf5 gxf5 33.Rc7 Ke6 34.Rbb7 Kxd6 35.Rxd7+ Rxd7
36.Rb6+ Ke7 37.Rh6 Rd3 38.Rxh7+ Kf6 39.Rh6+ Kg5 40.Re6 e4+ 41.Ke2 Ra3 42.h4+ Kxh4
43.Rg6 Ra2+ 44.Kf1 Kh5 45.Rg8 Kh6 46.Ke1 Kh5 47.Kf1 Kh6 48.Ke1 Ra6 49.Kf2 Rg6
50.Rf8 Rg5 51.Rf6+ Kg7 52.Ra6 Rg6 53.Ra7+ Kf6 54.Ra6+ Kg5 55.Ra8 Rb6 56.Rg8+ Kf6
57.Rf8+ Ke6 58.Ke1 Rb5 59.Ke2 Ke7 60.Ra8 Kd6 61.Rf8 Ke6 62.Kf2 Rb2+ 63.Kf1 Ra2
64.Ke1 Ra5 65.Ke2 Ke7 66.Rh8 Kf6 67.Rg8 Ra2+ 68.Kf1 Ke6  1/2-1/2

[Event "Kstovo op"]
[Site "Kstovo"]
[Date "1994.??.??"]
[Round "7"]
[White "Kornev, Alexei"]
[Black "Arakelian, Eduard"]
[Result "1-0"]
[WhiteElo "2330"]
[BlackElo "2415"]

1.d4 d5 2.c4 dxc4 3.e4 Nf6 4.e5 Nd5 5.Bxc4 Nc6 6.Nf3 Nb6 7.Bb5 Bd7 8.Nc3 e6
9.O-O Nb4 10.Be2 Bc6 11.a3 N4d5 12.Ne4 Qd7 13.Nc5 Bxc5 14.dxc5 Na4 15.Qc2 O-O-O
16.Be3 Nxe3 17.fxe3 Qd5 18.Rac1 Qe4 19.Qxe4 Bxe4 20.b3 Nb2 21.Nd4 Bg6 22.c6 b6
23.Rf2 Rd5 24.Ba6+ Kb8 25.Rxb2 Rxe5 26.Kf2  1-0

[Event "Las Vegas op"]
[Site "Las Vegas"]
[Date "1994.??.??"]
[Round "?"]
[White "Freeman, Michael"]
[Black "Navarro, Roberto"]
[Result "0-1"]
[WhiteElo "2205"]
[BlackElo "2400"]

1.d4 d5 2.c4 dxc4 3.e4 Nf6 4.Nc3 e5 5.Nf3 exd4 6.Qxd4 Qxd4 7.Nxd4 Bb4 8.f3 O-O
9.Bxc4 c6 10.Be3 Nbd7 11.a4 Ne5 12.Be2 Bd7 13.O-O Bc5 14.Rfd1 Rad8 15.h3 Rfe8
16.a5 a6 17.Na4 Ba7 18.Rac1 Ng6 19.Nc5 Bc8 20.b4 h6 21.Nc2 Nh5 22.Rxd8 Rxd8
23.Rd1 Re8 24.Bf2 Nhf4 25.Bf1 Ne5 26.Na3 Ne6 27.Nc4 Nxc4 28.Bxc4 Nxc5 29.bxc5 Kf8
30.Bd4 Ke7 31.Kf1 Rd8 32.Ke2 f6 33.Be3 Rxd1 34.Kxd1 Bb8 35.Kc2 Bc7 36.Bd2 Be6
37.Bd3 Ba2 38.Kb2 Bf7 39.Ka3 Bg6 40.Bc4 Bf7 41.Kb3 Be6 42.Bc3 Bg3 43.Kb4 g6
44.Bd2 h5 45.Bd3 Bf2 46.Bc3 Be3 47.Bb2 h4 48.Bc3 g5 49.Bb1 Kf7 50.Bc2 Kg6
51.Bd3 Bc1 52.Be1 Bb2 53.Bd2 f5 54.exf5+ Bxf5 55.Bc4 Kf6 56.Bc3+  0-1

[Event "Leeuwarden op"]
[Site "Leeuwarden"]
[Date "1994.??.??"]
[Round "6"]
[White "Sherbakov, Ruslan"]
[Black "Yakovich, Yuri"]
[Result "1/2-1/2"]
[WhiteElo "2510"]
[BlackElo "2515"]

1.d4 d5 2.c4 dxc4 3.e4 Nf6 4.e5 Nd5 5.Bxc4 Nb6 6.Bb3 Nc6 7.Ne2 Bf5 8.Nbc3 e6
9.O-O Qd7 10.Be3 Na5 11.Bc2 Bxc2 12.Qxc2 Nc6 13.Qe4 O-O-O  1/2-1/2

[Event "Linares op"]
[Site "Linares"]
[Date "1994.??.??"]
[Round "7"]
[White "Komljenovic, Davor"]
[Black "Ehlvest, Jaan"]
[Result "1-0"]
[WhiteElo "2470"]
[BlackElo "2610"]

1.d4 d5 2.c4 dxc4 3.e4 Nc6 4.Nf3 Bg4 5.Bxc4 e6 6.Be3 Bxf3 7.gxf3 Bb4+ 8.Nc3 Nge7
9.Qb3 Ba5 10.O-O-O Bb6 11.d5 exd5 12.Bxd5 Nxd5 13.Nxd5 Qc8 14.Rhg1 Ne7 15.Nxe7 Kxe7
16.Rxg7 Bxe3+ 17.fxe3 Qe6 18.Qb4+ Kf6 19.Qc3+ Ke7 20.Qc5+ Ke8 21.Rg5 b6 22.Qc3 f6
23.Rg7 c5 24.Qd3 Rg8 25.Rxg8+ Qxg8 26.Qd7+ Kf8 27.Qc6 Kf7 28.Qb7+  1-0

[Event "Lloyds Bank op"]
[Site "London"]
[Date "1994.??.??"]
[Round "1"]
[White "Sadler, Matthew"]
[Black "Duchovny, Eduard"]
[Result "1-0"]
[WhiteElo "2560"]
[BlackElo "2335"]

1.d4 d5 2.c4 dxc4 3.e4 e5 4.Nf3 exd4 5.Bxc4 Nc6 6.O-O h6 7.Nbd2 Bc5 8.a3 a5
9.Qb3 Qe7 10.e5 a4 11.Qc2 Bb6 12.Ne4 Be6 13.Bb5 Qd7 14.Bxa4 Nge7 15.Re1 O-O
16.Bxh6 d3 17.Qd1 Bg4 18.Qd2 Qf5 19.Nh4 Qh5 20.Bxc6 Nxc6 21.Bg5 Nd4 22.Qxd3 Ne6
23.Bf6 Kh8 24.Qg3 Rg8 25.h3 gxf6 26.Nxf6 Qh6 27.hxg4 Qg5 28.Nf5  1-0

[Event "Lloyds Bank op"]
[Site "London"]
[Date "1994.??.??"]
[Round "2"]
[White "Sheldon, Ruth"]
[Black "Ben Menachem, Itzhak"]
[Result "1/2-1/2"]
[WhiteElo "2120"]
[BlackElo "2345"]

1.d4 d5 2.c4 dxc4 3.e4 e5 4.Nf3 exd4 5.Bxc4 Bb4+ 6.Nbd2 Nc6 7.O-O Qf6 8.e5 Qg6
9.Qe2 Nge7 10.Ne4 Bg4 11.Neg5 O-O 12.a3 Ba5 13.b4 Bb6 14.b5 Na5 15.Bd3 Bf5
16.Bxf5 Nxf5 17.g4 d3 18.Qxd3 Nd4 19.Qxg6 hxg6 20.Rb1 Rfd8 21.Kg2 Rd5 22.Nxd4 Rxd4
23.h3 Nc4 24.Nf3 Re4 25.Bb2 Re2 26.Bd4 Bxd4 27.Nxd4 Rd2 28.Rfc1 Nxe5 29.Nf3 Nxf3
30.Kxf3 Rd7 31.Rc3 Rad8 32.Rbc1 Rd3+ 33.Kg2 Rxc3 34.Rxc3 Rd7 35.Kf3 g5 36.Kg3 Kf8
37.h4 gxh4+ 38.Kxh4 Ke7 39.a4 Kd8 40.Rc4 Rd5 41.Kg3 Kd7 42.Kf4 c6 43.bxc6+ bxc6
44.Ke4 g5 45.f4 gxf4 46.Kxf4 c5 47.Ke3 f6 48.Rf4 Ke6 49.Rc4 Re5+ 50.Kd3 Kd5
51.Rf4 c4+ 52.Rxc4 Re3+ 53.Kxe3 Kxc4 54.Kf4 Kb4 55.Kf5 Kxa4  1/2-1/2

[Event "Lloyds Bank op"]
[Site "London"]
[Date "1994.??.??"]
[Round "3"]
[White "Dive, Russell John"]
[Black "Barua, Dibyendu"]
[Result "0-1"]
[WhiteElo "2315"]
[BlackElo "2495"]

1.d4 d5 2.c4 dxc4 3.e4 Nf6 4.Nc3 e5 5.d5 a6 6.a4 Bc5 7.Bxc4 Ng4 8.Nh3 h6
9.Qe2 Qh4 10.Bd2 O-O 11.Bd3 Nd7 12.Nd1 f5 13.exf5 e4 14.Bc2 Nde5 15.Bxe4 Bxf5
16.Bxf5 Rxf5 17.O-O Raf8 18.Ne3 Nf3+ 19.Kh1 Bxe3 20.Bxe3 Nfxh2 21.Rfc1 Rf3
22.Rxc7 Rxh3 23.gxh3 Qxh3 24.Rxg7+ Kxg7 25.Bd4+ Kg6 26.Qe4+ Kh5 27.Qg2 Qh4
28.Qg3 Nf3+ 29.Qxh4+ Nxh4 30.d6 Nf5 31.Bc5 Rd8 32.Rd1 Nf6 33.b4 Rd7 34.Kg2 b6
35.Kf3 bxc5 36.bxc5 Nxd6 37.cxd6 Ne8 38.Re1 Nxd6 39.Rd1 Rf7+ 40.Kg2 Rf6 41.Rd5+ Kg6
42.f4 Nf5 43.Kf3 Re6 44.Ra5 h5 45.Rc5 Nd4+ 46.Kg3 Re3+ 47.Kf2 Rf3+ 48.Kg2 Rxf4  0-1

[Event "Lloyds Bank op"]
[Site "London"]
[Date "1994.??.??"]
[Round "7"]
[White "Alterman, Boris"]
[Black "Kumaran, Dharshan"]
[Result "1/2-1/2"]
[WhiteElo "2585"]
[BlackElo "2495"]

1.d4 d5 2.c4 dxc4 3.e4 e5 4.Nf3 exd4 5.Bxc4 Bb4+ 6.Bd2 Bxd2+ 7.Nbxd2 Nc6
8.O-O Qf6 9.b4 a6 10.Re1 Nge7 11.e5 Qg6 12.e6 Bxe6 13.Bxe6 fxe6 14.Qb3 Qf5
15.Ne4 Qd5 16.Nc5 Qxb3 17.axb3 O-O 18.Nxe6 Rfc8 19.Nfxd4  1/2-1/2

[Event "Lloyds Bank op"]
[Site "London"]
[Date "1994.??.??"]
[Round "8"]
[White "Savchenko, Stanislav"]
[Black "Zilberman, Yaacov"]
[Result "1-0"]
[WhiteElo "2570"]
[BlackElo "2460"]

1.d4 d5 2.c4 dxc4 3.e4 Nf6 4.e5 Nd5 5.Bxc4 Nb6 6.Bb3 Nc6 7.Ne2 Bf5 8.Nbc3 e6
9.a3 Be7 10.O-O Qd7 11.Be3 Rd8 12.Ba2 O-O 13.b4 a6 14.Qc1 f6 15.Rd1 fxe5
16.dxe5 Qe8 17.Ng3 Qg6 18.f4 Bd3 19.Bc5 Kh8 20.Qe3 Bxc5 21.bxc5 Nc4 22.Qc1 Nd4
23.f5 exf5 24.Rxd3 Nxe5 25.Rxd4 Rxd4 26.Qe3 Nc6 27.Rf1 f4 28.Nge2 f3 29.Rxf3 Rxf3
30.Qxf3 Rd8 31.Bd5 Qg5 32.h3 Ne7 33.Bxb7 Qxc5+ 34.Kh1 Qxa3 35.Be4 Ng8 36.Bxh7 Rf8
37.Qd3 Rf1+ 38.Ng1 Qa1 39.Nb1 Qf6 40.Nd2 Rc1 41.Be4 a5 42.Nf3 a4 43.Qa3 Ra1
44.Qc5 a3 45.Qh5+ Qh6 46.Qe8 Qe3 47.Qa8 Rd1 48.Bd5 Rxd5 49.Qxd5 Nf6 50.Qd8+ Kh7
51.Qxc7 a2 52.Qa5 Ne4 53.g4 Nc3 54.h4 Qc1 55.Ng5+ Kh6 56.Qa6+ g6 57.Qa7  1-0

[Event "SWZ-ch op"]
[Site "Luzern"]
[Date "1994.??.??"]
[Round "?"]
[White "Savchenko, Stanislav"]
[Black "Raetsky, Alexander"]
[Result "1-0"]
[WhiteElo "2570"]
[BlackElo "2450"]

1.d4 d5 2.c4 dxc4 3.e4 Nf6 4.e5 Nd5 5.Bxc4 Nb6 6.Bb3 Nc6 7.Ne2 Bf5 8.Nbc3 e6
9.a3 Be7 10.O-O O-O 11.Be3 Na5 12.Bc2 Bxc2 13.Qxc2 Nac4 14.Bf4 Nd5 15.Nxd5 exd5
16.a4 Rc8 17.Rfd1 f6 18.b3 Na5 19.Be3 Qd7 20.f4 Nc6 21.a5 a6 22.Ra4 Kh8 23.Qd2 Kg8
24.Nc1 Nd8 25.Ra1 f5 26.Nd3 Ne6 27.b4 Kh8 28.Kh1 Rg8 29.Rg1 Rcf8 30.Raf1 g6
31.Rf3 Rf7 32.Rh3 Rgf8 33.Bf2 Qb5 34.Rc1 Kg8 35.Nc5 Bxc5 36.bxc5 Qd7 37.Rb3 c6
38.Rcb1 Rc8 39.Bh4 h6 40.Bf6 Rc7 41.Rg3 Nf8 42.Qe2 Qe6 43.Qh5 Rh7 44.Rxg6+ Nxg6
45.Qxg6+ Rcg7 46.Qh5 Rf7 47.Qh4 Kf8 48.h3 h5 49.Qg5 h4 50.Qg6 Qd7 51.e6 Qxe6
52.Bg7+ Ke7 53.Rxb7+  1-0

[Event "EUCup f"]
[Site "Lyon"]
[Date "1994.??.??"]
[Round "?"]
[White "Savchenko, Stanislav"]
[Black "Greenfeld, Alon"]
[Result "1/2-1/2"]
[WhiteElo "2570"]
[BlackElo "2600"]

1.d4 d5 2.c4 dxc4 3.e4 Nf6 4.e5 Nd5 5.Bxc4 Nb6 6.Bb3 Nc6 7.Ne2 Bf5 8.Nbc3 e6
9.a3 Be7 10.Be3 Qd7 11.O-O O-O-O 12.Qc1 Kb8 13.Rd1 Na5 14.Ba2 Nac4 15.Ng3 Bg6
16.Bf4 Qc6 17.b4 a6 18.Nce2 h5 19.h3 h4 20.Nf1 Be4 21.f3 Bd5 22.Nc3 g5 23.Nxd5 Nxd5
24.Bh2 b5 25.Nd2 Nde3 26.Re1 Qb6 27.Bxc4 Nxc4 28.Nxc4 bxc4 29.Kh1 Qxd4 30.Re4 Qd5
31.Rxc4 Rd7 32.Qc2 Rhd8 33.Rc1 Qb7 34.Bg1 Rd2 35.Qh7 Rd1 36.Rxd1 Rxd1 37.Qg8+ Bd8
38.Rd4 Rxd4 39.Bxd4 Qd5 40.Be3 Kb7 41.Bxg5 Qxe5 42.Bxd8 Qe1+ 43.Kh2 Qe5+  1/2-1/2

[Event "Moscow-ch"]
[Site "Moscow"]
[Date "1994.??.??"]
[Round "?"]
[White "Notkin, Maksim"]
[Black "Kriventsov, Stanislav G"]
[Result "1-0"]
[WhiteElo "2465"]
[BlackElo "2285"]

1.d4 d5 2.c4 dxc4 3.e4 Nc6 4.Be3 Nf6 5.Nc3 e5 6.d5 Ne7 7.Bxc4 Ng6 8.Bb5+ Nd7
9.Nge2 a6 10.Ba4 Bd6 11.Ng3 b5 12.Bc2 Nf6 13.f3 Nf4 14.Qd2 Rb8 15.O-O-O O-O
16.Kb1 g6 17.h4 Nd7 18.Nf1 Nb6 19.g3 Nc4 20.Qh2 b4 21.Na4 Nh5 22.Bh6 Re8
23.Ne3 Nxe3 24.Bxe3 Qe7 25.Rc1 Bd7 26.Bb3 Rb5 27.g4 Nf4 28.Qc2 Ra8 29.Nc5 Be8
30.Nd3 Nxd3 31.Qxd3 Rb7 32.Qd2 a5 33.h5 a4 34.Bc4 b3 35.a3 Bxa3 36.hxg6 Bxb2
37.d6 Qxd6 38.Qxd6 cxd6 39.gxh7+ Kh8 40.Bg5  1-0

[Event "Moscow ol (Men)"]
[Site "Moscow"]
[Date "1994.??.??"]
[Round "1"]
[White "Taha, Mohamad"]
[Black "Nikolic, Nebojsa"]
[Result "0-1"]
[WhiteElo "2390"]
[BlackElo "2440"]

1.d4 d5 2.c4 dxc4 3.e4 Nc6 4.Nf3 Bg4 5.Be3 e6 6.Nc3 Bxf3 7.gxf3 Bb4 8.Bxc4 Qf6
9.Bb5 Ne7 10.h4 O-O-O 11.Bxc6 Nxc6 12.Bg5 Qxd4 13.Bxd8 Bxc3+ 14.bxc3 Qxc3+
15.Kf1 Rxd8 16.Qe1 Qxf3 17.Rh2 Rd4 18.Qe3 Qxe3 19.fxe3 Rxe4 20.Ke2 h5 21.Rg1 Ra4
22.Kd1 g6 23.Rf2 Ne5 24.Rh1 Kd7 25.Rd2+ Ke7 26.Ke2 b6 27.Kf2 c5 28.Kg3 Re4
29.Re2 Rg4+ 30.Kf2 f5 31.Rd2 Ra4 32.Kg3 Re4  0-1

[Event "Moscow ol (Men)"]
[Site "Moscow"]
[Date "1994.??.??"]
[Round "2"]
[White "Nikolaidis, Ioannis"]
[Black "Valkesalmi, Kimmo"]
[Result "1-0"]
[WhiteElo "2460"]
[BlackElo "2370"]

1.d4 d5 2.c4 dxc4 3.e4 Nc6 4.Nf3 Bg4 5.d5 Ne5 6.Bf4 Ng6 7.Be3 e5 8.Bxc4 Bd6
9.Bb5+ Kf8 10.Be2 Nf6 11.Nfd2 Bd7 12.g3 h5 13.h4 Ng4 14.Bxg4 Bxg4 15.Qb3 b6
16.Nc3 a6 17.f3 Bd7 18.Nc4 Qe7 19.Nxd6 Qxd6 20.a4 Kg8 21.Qa3 Rb8 22.Qxd6 cxd6
23.Ke2 f6 24.Rhc1 Kf7 25.b4 Rhc8 26.b5 a5 27.Nd1 Ne7 28.Nb2 Rxc1 29.Rxc1 Rb7
30.Nc4 Nc8 31.f4 Ke7 32.Kd3 Kd8 33.Bf2 Ke7 34.f5 Kd8 35.Rh1 Be8 36.g4 Ke7
37.g5 Bf7 38.Be3 Be8 39.Rg1 Kf7 40.gxf6 Kxf6 41.Bg5+ Kf7 42.Bd8 Kf8 43.Rc1 Bd7
44.Ne3 Ke8 45.Rc7 Rb8 46.Bg5 Ne7 47.Nc4 Nc8 48.Ne3  1-0

[Event "Moscow ol (Men)"]
[Site "Moscow"]
[Date "1994.??.??"]
[Round "4"]
[White "Nikolaidis, Ioannis"]
[Black "Greenfeld, Alon"]
[Result "0-1"]
[WhiteElo "2460"]
[BlackElo "2600"]

1.d4 d5 2.c4 dxc4 3.e4 Nf6 4.Nc3 e5 5.Nf3 exd4 6.Qxd4 Qxd4 7.Nxd4 Bc5 8.Ndb5 Na6
9.Bf4 c6 10.Nd6+ Bxd6 11.Bxd6 Be6 12.f4 O-O-O 13.O-O-O Ne8 14.Be7 Rxd1+ 15.Kxd1 f6
16.f5 Bf7 17.e5 Kd7 18.Ba3 fxe5 19.b3 b5 20.Bb2 cxb3 21.Nxb5 Nc5 22.Na3 bxa2
23.Nc4 Bxc4 24.Bxc4 Nd6 25.Bxa2 Nd3 26.Kc2 Nxb2 27.Be6+ Ke7 28.Kxb2 h5 29.Ra1 Rb8+
30.Kc3 Rb7 31.Ra6 Rc7 32.h3 h4 33.Ra4 Nb5+ 34.Kd3 Nd4 35.Ke4 Nxe6 36.fxe6 Kxe6
37.Ra5 Kd6 38.Ra2 c5 39.Ra6+ Rc6 40.Rxa7 c4 41.Rxg7 c3 42.Rg6+ Kc7 43.Rxc6+ Kxc6
44.Kd3 Kd5 45.Kxc3 e4 46.Kd2 Kd4 47.Ke2 e3 48.Ke1 Kd3 49.Kd1 e2+  0-1

[Event "Moscow ol (Women)"]
[Site "Moscow"]
[Date "1994.??.??"]
[Round "8"]
[White "Flear, Christine"]
[Black "Ciuksyte, Dagne"]
[Result "1/2-1/2"]
[WhiteElo "2175"]
[BlackElo "2135"]

1.d4 d5 2.c4 dxc4 3.e4 e5 4.Nf3 Bb4+ 5.Bd2 Bxd2+ 6.Nbxd2 exd4 7.Bxc4 Nh6
8.O-O O-O 9.Nb3 Qe7 10.Qxd4 Nc6 11.Qc5 Qf6 12.Nbd4 Nxd4 13.Qxd4 Qf4 14.Rfd1 Bg4
15.Be2 Bxf3 16.Bxf3 Ng4 17.Bxg4 Qxg4 18.Rac1 c6 19.Rc3 Qe6 20.b3 Rfe8 21.Re3 Qe7
22.Red3 h6 23.f3 c5 24.Qc3 b6 25.Rd7 Qh4 26.Qc4 Re7 27.g3 Rxd7 28.Rxd7 Qf6
29.Kg2 Rd8 30.Qd5 Rxd7 31.Qxd7 a6 32.Qc8+ Kh7 33.Qxa6 Qb2+ 34.Kg1 Qd4+ 35.Kf1 Qd1+
36.Kf2 Qh1 37.a4 Qxh2+ 38.Ke3 Qxg3 39.Qxb6 h5 40.Qb7 Qg5+ 41.Ke2 h4 42.Qd7 Qg2+
43.Ke3 h3 44.Qf5+ Kh6 45.Qf4+ Kh7  1/2-1/2

[Event "Moscow ol (Men)"]
[Site "Moscow"]
[Date "1994.??.??"]
[Round "9"]
[White "Hodgson, Julian M"]
[Black "Nikolic, Nebojsa"]
[Result "1/2-1/2"]
[WhiteElo "2580"]
[BlackElo "2440"]

1.d4 d5 2.c4 dxc4 3.e4 c5 4.d5 e6 5.Nc3 exd5 6.Nxd5 Nf6 7.Bxc4 Nxd5 8.Bxd5 Be7
9.Nf3 O-O 10.O-O Qb6 11.Ne5 Be6 12.b3 Nd7 13.Nxd7 Bxd7 14.Bb2 Be6 15.Qf3 Rfe8
16.Rad1 Rad8 17.Qg3 Bf8 18.Qf4  1/2-1/2

[Event "Nagykanizsa op"]
[Site "Nagykanizsa"]
[Date "1994.??.??"]
[Round "?"]
[White "Sergienko, Sergey"]
[Black "Gyimesi, Zoltan"]
[Result "1/2-1/2"]
[WhiteElo "2410"]
[BlackElo "2360"]

1.d4 d5 2.c4 dxc4 3.e4 c5 4.d5 e6 5.Nc3 exd5 6.Nxd5 Ne7 7.Bxc4 Nxd5 8.Bxd5 Be7
9.Nf3 O-O 10.O-O Na6 11.e5 Rb8 12.Bf4 Be6 13.Be4 Qxd1 14.Rfxd1 h6 15.Bg3 b6
16.Nh4 Bxh4 17.Bxh4 g5 18.Bg3 Rbd8 19.f4 Bg4 20.Rd6 Rxd6 21.exd6 Rd8 22.fxg5 hxg5
23.Rf1 Be6 24.Bf5 c4 25.Bxe6 fxe6 26.Rc1 Rc8 27.Rc3 Nb8 28.b3 b5 29.bxc4 bxc4
30.Kf2 Nd7 31.Ke3 e5 32.Ke4 Kf7 33.Kf5 a6 34.Be1 Rc6 35.Kxg5 Ke6 36.Rh3 Kd5
37.Bb4 a5 38.Bxa5 Ra6 39.Bb4 Rxa2 40.Rg3 Rb2 41.Ba3 Rb8 42.Kg4 Nf6+ 43.Kf5 Ne4
44.Re3  1/2-1/2

[Event "New York op"]
[Site "New York"]
[Date "1994.??.??"]
[Round "7"]
[White "Sjodahl, Pontus"]
[Black "Stefansson, Hannes"]
[Result "0-1"]
[WhiteElo "2385"]
[BlackElo "2525"]

1.d4 d5 2.c4 dxc4 3.e4 Nf6 4.e5 Nd5 5.Bxc4 Nb6 6.Bd3 Nc6 7.Ne2 Be6 8.Be3 Qd7
9.Nbc3 Nb4 10.Be4 Bf5 11.Bxf5 Qxf5 12.O-O Qd7 13.Nf4 e6 14.a3 N4d5 15.Nfxd5 Nxd5
16.Qf3 Rd8 17.Qg3 Ne7 18.Rad1 Nf5 19.Qh3 c6 20.g4 Nxe3 21.Qxe3 Be7 22.f4 O-O
23.f5 f6 24.Qe4 Rde8 25.Kg2 Bd8 26.Rd3 Bc7 27.fxe6 Rxe6 28.g5 Re7 29.Rdf3 Bb6
30.d5 Qe8 31.gxf6 Rxe5 32.Qc4 Rf7 33.dxc6 Rc5 34.Qd3 Qxc6 35.Ne4 Re5 36.Ng3 Rxf6
37.Kh3 Rxf3 38.Rxf3 Rd5 39.Qb3 Qe6+ 40.Rf5 Rd6 41.Qxe6+ Rxe6 42.Rd5 Kf7 43.Nf5 Kf6
44.Ng3 g6 45.Rb5 Re5 46.Rb4 g5 47.Ne4+ Kg6 48.Kg2 Rd5 49.h3 Rd4 50.Rxd4 Bxd4
51.b3 Be5 52.a4 Kf5 53.Nc5 b6 54.Nd3 Ke4  0-1

[Event "NLD-ch"]
[Site "?"]
[Date "1994.??.??"]
[Round "2"]
[White "Van Gisbergen, Stan"]
[Black "Cifuentes Parada, Roberto"]
[Result "0-1"]
[WhiteElo "2365"]
[BlackElo "2500"]

1.d4 d5 2.c4 dxc4 3.e4 c5 4.Nf3 Nf6 5.Nc3 cxd4 6.Qxd4 Qxd4 7.Nxd4 e5 8.Ndb5 Kd8
9.Be3 Be6 10.Nxa7 Nbd7 11.f3 Bb4 12.a3 Bxc3+ 13.bxc3 Kc7 14.a4 b6 15.a5 Rhb8
16.Be2 Kb7 17.Nb5 Kc6 18.Na3 Rxa5 19.Kf2 Rba8 20.Nc2 Rxa1 21.Rxa1 Rxa1 22.Nxa1 Nc5
23.Ke1 Nfd7 24.Nc2 Na4 25.Kd2 Ndc5 26.Nb4+ Kd6 27.g4 f6 28.Kc2 Nb3 29.h4 Nac5
30.Kb2 b5 31.h5 h6 32.Bd1 Na5 33.Bc2 Nd3+ 34.Ka3 Ne1 35.Bd1 Nc6 36.Na6 Nd3
37.Be2 b4+ 38.Nxb4 Ndxb4 39.cxb4 Nd4 40.Bd1 c3 41.Bxd4 exd4 42.Bb3 d3 43.Bxe6 Kxe6
44.Kb3 c2 45.Kb2 Ke5 46.b5 Kd4 47.b6 Ke3 48.b7 Kd2 49.b8=Q c1=Q+ 50.Ka2 Qc2+
51.Ka3 Kc1 52.Qf4+ d2 53.Qe3 Qc4 54.e5 Kc2  0-1

[Event "NLD-chT9495"]
[Site "?"]
[Date "1994.??.??"]
[Round "1"]
[White "Vanheste, Jeroen"]
[Black "De Boer, Gert Jan"]
[Result "1-0"]
[WhiteElo "2410"]
[BlackElo "2435"]

1.d4 d5 2.c4 dxc4 3.e4 Nf6 4.e5 Nd5 5.Bxc4 Nb6 6.Bb3 Nc6 7.Be3 Bf5 8.Ne2 e6
9.O-O Be7 10.Nbc3 Qd7 11.a3 Rd8 12.Rc1 O-O 13.Ba2 Rfe8 14.h3 h6 15.g4 Bh7
16.f4 Bf8 17.Qe1 Ne7 18.f5 Ned5 19.Nxd5 Nxd5 20.Bxd5 Qxd5 21.Rxc7 Rc8 22.Rc3 exf5
23.gxf5 f6 24.Rxc8 Rxc8 25.Nc3 Qb3 26.exf6 gxf6 27.Bd2 Kf7 28.Qe2 Qc4 29.Qh5+ Kg8
30.Rf4 Rc7 31.Rg4+ Rg7 32.Rxg7+ Bxg7 33.Qe8+ Bf8 34.Bxh6 Qxd4+ 35.Kh1 Qd6
36.Bxf8 Qxf8 37.Qe6+ Kg7 38.Nd5 Bg8 39.Nf4 Bf7 40.Qd7 Qh8 41.Ne6+ Kg8 42.Qc8+ Kh7
43.Qxb7 Qe8 44.Qe4 Bh5 45.Qb7+ Bf7 46.Qc7 a5 47.Kh2 a4 48.Kg3 Kg8 49.Qc4 Qb8+
50.Kh4 Kh7 51.Qg4 Qg8 52.Kg3 Qb8+ 53.Kh4 Qg8 54.Qxg8+ Kxg8 55.Kg4 Kh7 56.Kf4 Kh6
57.Ke4 Bh5 58.Nc5 Bd1 59.h4 Bc2+ 60.Kf4 Bd1 61.h5 Kg7 62.Ke3 Bc2 63.Ne4 Bxe4
64.Kxe4 Kh6 65.b4 axb3 66.Kd3  1-0

[Event "BCF-ch"]
[Site "Norwich"]
[Date "1994.??.??"]
[Round "5"]
[White "Ward, Christopher"]
[Black "Arkell, Keith C"]
[Result "1/2-1/2"]
[WhiteElo "2495"]
[BlackElo "2500"]

1.d4 d5 2.c4 dxc4 3.e4 Nc6 4.Nf3 Bg4 5.Bxc4 Bxf3 6.Qxf3 e6 7.d5 Ne5 8.Bb5+ c6
9.Qc3 Bd6 10.dxc6 bxc6 11.Bxc6+ Nxc6 12.Qxc6+ Ke7 13.Qb7+ Qc7 14.Qxc7+ Bxc7
15.Bg5+ Nf6 16.Nd2 Rhc8 17.Rc1 h6 18.Bxf6+ Kxf6 19.Ke2 Bf4 20.g3 Bxd2 21.Kxd2 Rcb8
22.b3 Rb4 23.Ke3 a5 24.Rhd1 a4 25.Rc4 Rxc4 26.bxc4 Rb8 27.Rd2 g5 28.f4 g4
29.c5 Ke7 30.f5 a3 31.Rd3 Rb2 32.Rxa3 Rxh2 33.Kf4 exf5 34.exf5 Rc2 35.Kxg4 Rxc5
36.Ra6 Rc2 37.Rxh6 Rxa2 38.Kg5 Rg2 39.g4 f6+ 40.Kh5 Kf7 41.Rh7+ Kg8 42.Rb7 Rg1
43.Ra7 Rg2 44.Kg6 Rxg4+ 45.Kxf6 Rf4 46.Ra8+ Kh7 47.Ke6 Kg7 48.Ra7+ Kf8 49.Kf6 Kg8
50.Ra8+ Kh7 51.Rf8 Ra4 52.Rf7+ Kg8 53.Re7 Kf8 54.Re6 Ra7 55.Rb6 Rf7+ 56.Kg5 Ra7
57.f6 Kf7  1/2-1/2

[Event "CZE-ch (Women)"]
[Site "Nymburk"]
[Date "1994.??.??"]
[Round "2"]
[White "Mackova, Eva"]
[Black "Krupkova, M."]
[Result "1/2-1/2"]
[WhiteElo "2150"]
[BlackElo "2000"]

1.d4 d5 2.c4 dxc4 3.e4 c5 4.d5 b5 5.a4 Nf6 6.Qc2 Na6 7.Nd2 Nb4 8.Qb1 e6 9.dxe6 Bxe6
10.axb5 Nd3+ 11.Bxd3 cxd3 12.Ngf3 c4 13.O-O Be7 14.Ng5 O-O 15.Nxe6 fxe6 16.Qa2 Qd4
17.Qxc4 Qxc4 18.Nxc4 Nxe4 19.Be3 Bc5 20.Bxc5 Nxc5 21.Rfd1 Rf4 22.Rac1 Rb8
23.b4 Nb3 24.Rc3 Rxb5 25.Rxb3 Rxc4 26.Rbxd3 Rcxb4 27.Rd8+ Kf7 28.R8d7+ Kf6
29.Rxa7 Rb1 30.Ra1  1/2-1/2

[Event "Oberwart op"]
[Site "Oberwart"]
[Date "1994.??.??"]
[Round "6"]
[White "Timoshenko, Georgy"]
[Black "Skomorokhin, Roman"]
[Result "1-0"]
[WhiteElo "2550"]
[BlackElo "2425"]

1.d4 d5 2.c4 dxc4 3.e4 Nc6 4.Be3 e5 5.d5 Nce7 6.Nc3 Ng6 7.Bxc4 a6 8.Nf3 Nf6
9.h4 h5 10.Ng5 Bd6 11.f3 b5 12.Bb3 Qe7 13.a4 b4 14.Ne2 O-O 15.Qd2 Rd8 16.Nc1 Bd7
17.Nd3 Be8 18.Rc1 Rac8 19.g3 a5 20.O-O Nd7 21.Rc2 Nb6 22.Nc5 Rb8 23.Rfc1 Rdc8
24.Qf2 Nf8 25.f4 Nfd7 26.Nd3 Rd8 27.Rxc7 exf4 28.gxf4 Bxc7 29.Rxc7 Na8 30.Ra7 Qf6
31.Rxa5 Rdc8 32.Bd4 Qd8 33.Ra6 Nf6 34.e5 Ng4 35.Qf3 Nb6 36.Qe4 g6 37.d6 Nc4
38.Nc5  1-0

[Event "Orel"]
[Site "Orel"]
[Date "1994.??.??"]
[Round "1"]
[White "Neverov, Valeriy"]
[Black "Savon, Vladimir A"]
[Result "1/2-1/2"]
[WhiteElo "2530"]
[BlackElo "2435"]

1.d4 d5 2.c4 dxc4 3.e4 c5 4.Nf3 cxd4 5.Qxd4 Qxd4 6.Nxd4 Nf6 7.Nb5 Kd8 8.Bxc4 a6
9.Nd4 e6 10.f3 Bd7 11.Bf4 Nc6 12.Nxc6+ Bxc6 13.Nd2 Rc8 14.Ke2 Bb4 15.Rac1 Ke7
16.a3 Ba5 17.Nb3 Bb6 18.Be3 Bxe3 19.Kxe3  1/2-1/2

[Event "Disney rapid sim"]
[Site "Paris"]
[Date "1994.??.??"]
[Round "?"]
[White "Karpov, Anatoly"]
[Black "Bacrot, Etienne"]
[Result "1-0"]
[WhiteElo "2740"]
[BlackElo "2255"]

1.d4 d5 2.c4 dxc4 3.e4 Nc6 4.Be3 Nf6 5.Nc3 e5 6.d5 Na5 7.Qa4+ c6 8.b4 cxb3
9.axb3 Nd7 10.b4 cxd5 11.exd5 b6 12.bxa5 bxa5 13.Bb5 Bb4 14.Ne2 O-O 15.O-O Nb6
16.Qa2 Bg4 17.Bc6 Rc8 18.Rfc1 f5 19.f3 Bh5 20.Na4 Bf7 21.Nxb6 axb6 22.Qc4 Qc7
23.Qb5 Bc5 24.Bxc5 bxc5 25.Qxa5 Qxa5 26.Rxa5  1-0

[Event "PCA/Intel-GP"]
[Site "Paris"]
[Date "1994.??.??"]
[Round "1.5"]
[White "Vyzmanavin, Alexey"]
[Black "Sadler, Matthew"]
[Result "1/2-1/2"]
[WhiteElo "2610"]
[BlackElo "2560"]

1.d4 d5 2.c4 dxc4 3.e4 Nc6 4.Be3 Nf6 5.Nc3 e5 6.d5 Na5 7.Qa4+ c6 8.dxc6 Nxc6
9.Bxc4 Bb4 10.Nf3 O-O 11.O-O Bxc3 12.bxc3 Nxe4 13.Bxf7+ Rxf7 14.Qxe4 Bf5
15.Qa4 h6 16.Rfe1 Qf6 17.Rad1 Rd8 18.Rxd8+ Qxd8 19.Qb3 Qf6 20.Nd2 Qe6 21.f3 b6
22.Bf2  1/2-1/2

[Event "Paris op"]
[Site "Paris"]
[Date "1994.??.??"]
[Round "3"]
[White "Solozhenkin, Evgeniy"]
[Black "Shevelev, Arkady"]
[Result "1/2-1/2"]
[WhiteElo "2525"]
[BlackElo "2280"]

1.d4 d5 2.c4 dxc4 3.e4 e5 4.Nf3 exd4 5.Qxd4 Qxd4 6.Nxd4 Bd7 7.Bxc4 Nc6 8.Nxc6 Bxc6
9.f3 f6 10.Nc3 O-O-O 11.Be3 a6 12.Ke2 Bd6 13.Bd5 Bxd5 14.Nxd5 Ne7 15.Nxe7+ Bxe7
16.Rad1 Rxd1 17.Rxd1 Rd8 18.Rxd8+ Kxd8 19.Kd3  1/2-1/2